Is the answer zero? - sudden death - Statistics

General Stats
  • This quiz has been taken 269 times
  • The average score is 4 of 24
Answers on the Grid
Answers color-coded by a green-red scale on the quiz's grid according to % correct below.
Towns below sea level
Santa's reindeer names that begin with V
Amount of matter in a vacuum
Female presidents of the USA
Love, in tennis
Insects on Antarctica
Flying mammals
Moons of Venus
Statues of Nelson in London
Hairs on a bald adult
People in space
Andorran embassies in Kyrgyzstan
Words which start with "Oo"
The coldest temperature on the Kelvin scale
Number of times the queen says "Mirror, mirror" in Snow White
Stars on the flag of Ghana
Human head transplants
Possible pH value of an alkaline solution
Fights lost by Rocky in the original movie
Central American countries smaller than Belize
Title of a Smashing Pumpkins song
Lakes in Australia
The mass of the universe
Places like home
Known lifeforms on other planets
What really matters to the singer of Queen
Calories in pure water
Academy Awards won by Sean Connery
People who have traveled back in time
Unclimbed mountains in the world
Neutrons in an atom of deuterium
Super Bowls won by the Detroit Lions
Scandinavian countries that have won the FIFA Men's World Cup
Name of a Japanese fighter plane from WWII
Name of a Coca-Cola product
Mass of the contents of a fridge on sale in a shop
Wild polar bears in Minnesota
Concerts that Elvis played in Europe
Population of Chernobyl
Children of Queen Elizabeth I
Symmetrical lower-case letters
Legs on a hellbender
People who have been to the mantle of the Earth
Chloroplasts in an animal cell
Penguins found in Brazil
Paintings that Van Gogh sold during his life
Animals on the moon
Number of times "Play it again, Sam" is said in the film Casablanca
 
Answer Stats
Answer % Correct
Female presidents of the USA
77%
Love, in tennis
52%
Amount of matter in a vacuum
45%
Calories in pure water
18%
Moons of Venus
18%
A quote from The Wizard of Oz. Places like home
17%
People who have traveled back in time
16%
Human head transplants
14%
Known lifeforms on other planets
13%
Name of a Coca-Cola product
12%
The coldest temperature on the Kelvin scale
12%
A lyric from Bohemian Rhapsody. What really matters to the singer of Queen
11%
Scandinavian countries that have won the FIFA Men's World Cup
9%
The line is "Magic mirror on the wall". Number of times the queen says "Mirror, mirror" in Snow White
7%
Wild polar bears in Minnesota
7%
Children of Queen Elizabeth I
6%
Name of a Japanese fighter plane from WWII
6%
Andorran embassies in Kyrgyzstan
4%
Chloroplasts in an animal cell
4%
Concerts that Elvis played in Europe
4%
The line is "Play it once, Sam". Number of times "Play it again, Sam" is said in the film Casablanca
4%
People who have been to the mantle of the Earth
4%
Super Bowls won by the Detroit Lions
3%
Title of a Smashing Pumpkins song
2%
No matching quizzes found
Score Distribution
Percent of People with Each Score
Percentile by Number Answered
Your Score History
You have not taken this quiz